[Event "Int ch-SVK OpenA"]
[Site "Banska Stiavnica SVK"]
[Date "2010.07.14"]
[Round "5"]
[White "Rey,Fa"]
[Black "Varga,Dav"]
[Result "1/2-1/2"]
[WhiteElo "2113"]
[BlackElo "2330"]

1.d4 Nf6 2.Bg5 d5 3.e3 Nbd7 4.Bd3 e5 5.c4 h6 6.Bh4 Qe7 7.Ne2 exd4 8.exd4 dxc4
9.Bxc4 Qb4+ 10.Nd2 Ne4 11.Nc3 Nxd2 12.Qe2+ Be7 13.a3 Qd6 14.Nb5 O-O 15.Nxd6 Bxh4
16.Qxd2 cxd6 17.O-O Nb6 18.Bb3 d5 19.Qd3 Bd7 20.Rac1 Bf6 21.h3 Bc6 22.g4 Rfe8
23.Rfe1 Re4 24.Bc2 Rae8 25.Rxe4  1/2-1/2

[Event "2nd Open"]
[Site "Rethymno GRE"]
[Date "2010.07.14"]
[Round "2"]
[White "Dubov,Danii"]
[Black "Schut,Ha"]
[Result "1-0"]
[WhiteElo "2446"]
[BlackElo "2131"]

1.d4 Nf6 2.Bg5 d5 3.e3 g6 4.Bxf6 exf6 5.h4 f5 6.h5 Nd7 7.hxg6 fxg6 8.Ne2 Bd6
9.c4 dxc4 10.Nd2 Nb6 11.Nxc4 Nxc4 12.Qa4+ c6 13.Qxc4 Qe7 14.Qc2 Be6 15.Nc3 O-O
16.g3 Rac8 17.Bg2 Rfe8 18.O-O h5 19.e4 h4 20.e5 Bc7 21.Ne2 hxg3 22.fxg3 Bb6
23.Bf3 Kg7 24.Kg2 g5 25.g4 f4 26.Qd2 Rh8 27.Rh1 Qd7 28.Nxf4 gxf4 29.Qxf4 Qe7
30.g5 Rcf8 31.Qf6+ Qxf6 32.gxf6+ Kf7 33.Bh5+ Rxh5 34.Rxh5 Bd5+ 35.Kg3 Bxd4
36.Kf4 Ke6 37.Re1 Rf7 38.b3 Bb6 39.Rh8 Bc7 40.Kg5 Kd7 41.Kg6  1-0

[Event "XII Open"]
[Site "Sant Marti ESP"]
[Date "2010.07.14"]
[Round "2"]
[White "Rojas Keim,L"]
[Black "Capellades Subirana,M"]
[Result "1-0"]
[WhiteElo "2437"]
[BlackElo "2268"]

1.d4 Nf6 2.Bg5 c5 3.d5 Qb6 4.Nc3 h6 5.Bd2 d6 6.e4 Nbd7 7.f4 g5 8.a4 gxf4
9.a5 Qd8 10.Bxf4 a6 11.Nf3 b5 12.axb6 Qxb6 13.Nd2 Ne5 14.Bxe5 dxe5 15.Bb5+ Nd7
16.Nc4 Qg6 17.O-O Rg8 18.Qf3 Bg7 19.d6 e6 20.Nb6 Rb8 21.Nxc8 Bf8 22.Ne7 Bxe7
23.Bxd7+ Kxd7 24.dxe7 Rxb2 25.Rxa6 Rb7 26.Qd3+ Kc8 27.Ra8+ Kc7 28.Qd8+  1-0

[Event "ch-USA w"]
[Site "St Louis USA"]
[Date "2010.07.14"]
[Round "5"]
[White "Zatonskih,A"]
[Black "Zenyuk,I"]
[Result "1-0"]
[WhiteElo "2470"]
[BlackElo "2236"]

1.d4 Nf6 2.Bg5 d5 3.e3 g6 4.Bxf6 exf6 5.c4 c6 6.Nc3 dxc4 7.Bxc4 Bd6 8.Nge2 f5
9.Qd2 Nd7 10.Bb3 Nf6 11.h3 Qe7 12.O-O-O Be6 13.Bxe6 Qxe6 14.Qc2 O-O 15.Kb1 b5
16.Nc1 a5 17.Rhe1 Rfe8 18.f3 Bb4 19.Nd3 Ra7 20.Re2 Bxc3 21.Qxc3 Nd5 22.Qc5 Ra6
23.Rc1 f6 24.e4 fxe4 25.fxe4 Nb4 26.Nxb4 axb4 27.b3 f5 28.e5 f4 29.Qc2 Rf8
30.Qe4 f3 31.gxf3 Qxh3 32.e6 Qf5 33.Qxf5 gxf5 34.Rg1+ Kh8 35.e7 Re8 36.Reg2 Raa8
37.Rg7 f4 38.R1g4 h6 39.R4g6 Rac8 40.Rf7 Rc7 41.Rgg7  1-0

[Event "29th Jacques Lemans Open"]
[Site "St Veit SUI"]
[Date "2010.07.14"]
[Round "5"]
[White "Sucher,J"]
[Black "Leitner,G"]
[Result "1-0"]
[WhiteElo "2197"]
[BlackElo "2234"]

1.d4 Nf6 2.Bg5 c5 3.Nf3 cxd4 4.Nxd4 Nc6 5.Nc3 e6 6.e4 Be7 7.Qd2 Qa5 8.Nb3 Qc7
9.O-O-O a6 10.Bf4 Ne5 11.Bxe5 Qxe5 12.f4 Qc7 13.e5 Ng4 14.h3 Nh6 15.Ne4 O-O
16.g4 f6 17.exf6 gxf6 18.Rg1 d5 19.g5 fxg5 20.fxg5 Nf5 21.Nf6+ Kh8 22.Bd3 Bxf6
23.gxf6 Rxf6 24.Qg5 Qf7 25.Bxf5 Rxf5 26.Qd8+ Qf8 27.Qc7 e5 28.Rxd5 Be6 29.Rxe5 Rc8
30.Rxf5  1-0

[Event "ZDMI Open"]
[Site "Dresden GER"]
[Date "2010.07.15"]
[Round "6"]
[White "Bannink,B"]
[Black "Herrich,C"]
[Result "1-0"]
[WhiteElo "2270"]
[BlackElo "2044"]

1.d4 Nf6 2.Bg5 d5 3.Bxf6 exf6 4.e3 Bd6 5.c4 dxc4 6.Bxc4 f5 7.Nf3 Nd7 8.Nc3 O-O
9.O-O c6 10.Qc2 Nf6 11.Rfd1 Qe7 12.a3 g6 13.b4 Bd7 14.Bf1 Rfe8 15.g3 Rac8
16.Bg2 Kg7 17.Qb2 Kg8 18.Ne2 Ne4 19.Nc1 Be6 20.Nd3 g5 21.h4 h6 22.hxg5 hxg5
23.Nd2 Bd5 24.Nxe4 fxe4 25.Nc5 f5 26.Kf1 Qf7 27.Rdc1 b6 28.Na4 f4 29.gxf4 gxf4
30.Ke1 fxe3 31.fxe3 Rf8 32.Qe2 Bg3+ 33.Kd2 Qg6 34.Rf1 Rxf1 35.Rxf1 Rf8 36.Nc3 Rxf1
37.Qxf1 Qe6 38.Bh3 Qg6 39.Qf5 Kg7 40.Qd7+ Qf7 41.Qxf7+ Kxf7 42.Bf5 a5 43.Bxe4 Ke6
44.b5 Kd6 45.bxc6 Bxc6 46.Bxc6 Kxc6 47.a4 Bd6 48.Kd3 Bh2 49.Kc4  1-0

[Event "85th ch-ARG"]
[Site "Buenos Aires ARG"]
[Date "2010.07.16"]
[Round "11"]
[White "Lezcano,G"]
[Black "Cabral,Matias Andres"]
[Result "0-1"]
[WhiteElo "2177"]
[BlackElo "2098"]

1.d4 Nf6 2.Bg5 c5 3.dxc5 Qa5+ 4.Nd2 Ne4 5.Be3 Nxd2 6.Qxd2 Qxd2+ 7.Bxd2 e5
8.b4 a5 9.c3 axb4 10.cxb4 Nc6 11.e3 b6 12.Bc4 bxc5 13.b5 Nb4 14.Bxb4 cxb4
15.Nf3 f6 16.O-O Bb7 17.Rfd1 Bc5 18.Ne1 Ke7 19.Nd3 Bd6 20.Rd2 e4 21.Nf4 Bxf4
22.exf4 Rhc8 23.Bb3 Rc5 24.Rad1 d5 25.b6 Raa5 26.g4 f5 27.gxf5 Kf6 28.Rd4 Rab5
29.Kg2 Kxf5 30.Kg3 Rc3+ 31.Kg2 Rxb6 32.Bxd5 Rg6+ 33.Kf1 Ba6+ 34.Ke1 Bd3 35.Bb3 Bc2
36.Bxc2 Rxc2 37.R1d2 Rg1+ 38.Ke2 Rcc1  0-1

[Event "25th Touraine Open"]
[Site "Avoine FRA"]
[Date "2010.07.17"]
[Round "1"]
[White "Lukasiewicz,G"]
[Black "Algaba,S"]
[Result "1-0"]
[WhiteElo "2264"]
[BlackElo "1997"]

1.d4 d5 2.Bg5 Nf6 3.Nf3 e6 4.e3 Bd6 5.Ne5 O-O 6.Nd2 c5 7.c3 Nbd7 8.f4 Qc7
9.Bd3 h6 10.Bh4 Nh7 11.O-O f5 12.g4 Nxe5 13.fxe5 Be7 14.Bxe7 Qxe7 15.Kh1 Qg5
16.Qf3 c4 17.Bc2 Qd8 18.gxf5 exf5 19.Rg1 Be6 20.Qh5 Kh8 21.Nf3 Qe8 22.Qg4 Qf7
23.Raf1 b5 24.Rg2 a5 25.Rfg1 Rg8 26.Rf1 b4 27.Ng1 Nf8 28.Nh3 Ng6 29.Qg3 Ne7
30.Ng5 Qg6 31.Qh4 Rgf8 32.Rfg1 Rg8 33.Qh3 Ra6 34.Rf2 Bc8 35.Qh4 Qe8 36.Bd1 Rb6
37.Nh3 Rg6 38.Rgf1 Rb6 39.Rg1 Rg6 40.Nf4 Rb6 41.Bf3 Rf8 42.Rfg2 Rg8 43.Nh3 bxc3
44.bxc3 a4 45.Nf4 Qf7 46.e6 Bxe6 47.Qxe7 g5 48.Qxf7 Bxf7 49.Bxd5  1-0

[Event "Sparkassen Open A"]
[Site "Dortmund GER"]
[Date "2010.07.17"]
[Round "1"]
[White "Boehm,Ju2"]
[Black "Thanabalasingam,A"]
[Result "0-1"]
[WhiteElo "2214"]
[BlackElo "1940"]

1.d4 Nf6 2.Bg5 c5 3.Bxf6 gxf6 4.d5 Qb6 5.Qc1 Bh6 6.e3 d6 7.Nd2 e6 8.Bc4 f5
9.Ne2 Na6 10.O-O Nc7 11.Nc3 Bd7 12.a4 a5 13.Ra3 Rg8 14.Rb3 Qa7 15.Qd1 O-O-O
16.Nb5 Nxb5 17.axb5 b6 18.Qf3 e5 19.Ra1 f4 20.exf4 Bxf4 21.Qc3 Rg4 22.Bf1 Bxd2
23.Qxd2 Bf5 24.g3 Rd4 25.Qc3 Be4 26.Bh3+ Kb8 27.Bg2 Bxg2 28.Kxg2 Rxd5 29.Rba3 Qb7
30.Kg1 f5 31.Qe3 f4 32.Qe2 e4 33.c3 f3 34.Qe3 Qd7 35.b4 Qh3  0-1

[Event "Aegean Open"]
[Site "Agios Kirykos GRE"]
[Date "2010.07.18"]
[Round "6"]
[White "Kamenets,A"]
[Black "Kouvatsou,M"]
[Result "1-0"]
[WhiteElo "2246"]
[BlackElo "2185"]

1.d4 Nf6 2.Bg5 c5 3.Bxf6 gxf6 4.d5 Qb6 5.Qc1 f5 6.g3 Bg7 7.c3 Qf6 8.Bg2 d6
9.Nh3 h5 10.Qg5 Nd7 11.Nd2 h4 12.Qxf6 Bxf6 13.f4 Nb6 14.O-O-O Rg8 15.Bf3 Bd7
16.Ng5 hxg3 17.h4 g2 18.Bxg2 Na4 19.Bf3 b5 20.Rdg1 O-O-O 21.Nxf7 Rxg1+ 22.Rxg1 Rf8
23.Ng5 Rh8 24.h5 Be8 25.Rh1 b4 26.Nb1 bxc3 27.b3 Nb6 28.Kc2 Nd7 29.Nxc3 Ne5
30.fxe5 Bxg5 31.e6 Bh6 32.Rg1 Be3 33.Rg7 Kd8 34.Kd3 Bh6 35.Rg1 Rf8 36.e3 Kc7
37.a4 Kb6 38.Nd1 Ka5 39.Kc4 Rh8 40.Rg2 Rf8 41.Kc3 Rh8 42.Nb2 Kb6 43.Nc4+ Kc7
44.Kd3 Rf8 45.Ke2 Rh8 46.Kf2 Rf8 47.Kg1 Rh8 48.Kh2 Rf8 49.Kh3 Rh8 50.Kh4 Rf8
51.Rg1 Rh8 52.Be2 Rf8 53.Bf3 Rh8 54.Rg2 Rf8 55.Kh3 Rh8 56.Kh2 Rf8 57.Kg1 Rh8
58.Kf2 Rf8 59.Ke2 Rh8 60.Kd3 Rf8 61.Kc2 Rh8 62.Kb2 Rf8 63.Ka3 Rh8 64.b4 Rf8
65.Rg1  1-0

[Event "2nd Open"]
[Site "Rethymno GRE"]
[Date "2010.07.18"]
[Round "7"]
[White "Smirnov,Arte"]
[Black "Goumas,G"]
[Result "1/2-1/2"]
[WhiteElo "2446"]
[BlackElo "2298"]

1.d4 Nf6 2.Bg5 d5 3.e3 c5 4.c3 Nc6 5.Nf3 Ne4 6.Bf4 Qb6 7.Qb3 c4 8.Qc2 Bf5
9.Qc1 e6 10.Nbd2 Bd6 11.Bxd6 Nxd6 12.Be2 O-O 13.O-O Qc7 14.Nh4 b5 15.Re1 Rfc8
16.a3 Bd3 17.Bxd3 cxd3 18.Nhf3 Nc4 19.Rd1 N6a5 20.Rb1 f6 21.Ne1 Nxd2 22.Qxd2 Nb3
23.Qxd3 Qc4 24.Qc2 a5 25.Qd3 b4 26.axb4 axb4 27.Qxc4 Rxc4 28.cxb4 Rxb4 29.Nc2 Rb6
30.Na3 Rab8 31.g4 Na5 32.Rd2 Rb3 33.Rc1 Rxb2 34.Rxb2 Rxb2 35.Rc5 Nb7 36.Rb5 Rxb5
37.Nxb5 Kf7 38.Kg2  1/2-1/2

[Event "Canadian Open"]
[Site "Toronto CAN"]
[Date "2010.07.18"]
[Round "9"]
[White "Walton,A"]
[Black "Kagramanov,D"]
[Result "1-0"]
[WhiteElo "2147"]
[BlackElo "2117"]

1.d4 Nf6 2.Bg5 g6 3.Nc3 Bg7 4.e4 d6 5.Nf3 O-O 6.Qd2 Nbd7 7.Be2 c5 8.d5 a6
9.a4 Ne8 10.Bh6 Ne5 11.Nxe5 dxe5 12.h4 f6 13.Be3 Qd6 14.h5 f5 15.Bg5 Nf6
16.hxg6 hxg6 17.f3 f4 18.a5 Bd7 19.Bc4 Rab8 20.Qe2 Kf7 21.Bxf4 Nh5 22.Bh2 Rh8
23.Kf2 g5 24.g4 Nf4 25.Bxf4 gxf4 26.Kg2 Bf6 27.Qf2 Bg5 28.Ne2 Kg7 29.Rxh8 Rxh8
30.Rh1 Rxh1 31.Kxh1 Qc7 32.Qe1 b5 33.axb6 Qxb6 34.Qc3 Kf6 35.Nc1 Qb8 36.Nd3 Qh8+
37.Kg2 Qb8 38.Bxa6 c4 39.Bxc4 Qd6 40.b4 Bh4 41.Nxf4 Qb6 42.Nd3 Qc7 43.f4  1-0

[Event "Sparkassen Open A"]
[Site "Dortmund GER"]
[Date "2010.07.19"]
[Round "3"]
[White "Boehm,Ju2"]
[Black "Grahl,Matthias"]
[Result "1/2-1/2"]
[WhiteElo "2214"]
[BlackElo "1776"]

1.d4 Nf6 2.Bg5 d5 3.Bxf6 gxf6 4.e3 Bf5 5.Bd3 Qd7 6.Nc3 Nc6 7.Qf3 Bxd3 8.cxd3 O-O-O
9.Nge2 e5 10.Qxf6 Rg8 11.O-O-O Bg7 12.Qh4 exd4 13.exd4 Qf5 14.Kb1 Bf6 15.Ng3 Bxh4
16.Nxf5 Bxf2 17.Rhf1 Bxd4 18.Nxd4 Nxd4 19.Rxf7 Rxg2 20.Rxh7 Rf8 21.Re1 Kb8
22.Nxd5 a5 23.Rxc7 Rff2 24.Re8+ Ka7 25.Rcc8 Rxb2+ 26.Kc1 Rbc2+ 27.Rxc2 Rxc2+
28.Kb1  1/2-1/2

[Event "I Open"]
[Site "Girona ESP"]
[Date "2010.07.19"]
[Round "7"]
[White "Alvarez Serra,J"]
[Black "Alarcon Pages,Salvador"]
[Result "1-0"]
[WhiteElo "2006"]
[BlackElo "1759"]

1.d4 d5 2.Bg5 Nf6 3.Bxf6 exf6 4.e3 Be7 5.c4 c6 6.Nc3 Bb4 7.Qb3 Qa5 8.cxd5 Bxc3+
9.bxc3 Qxd5 10.Qa3 Qd8 11.Bd3 Qe7 12.Qa5 b6 13.Qh5 Qa3 14.Ne2 g6 15.Qf3 Qd6
16.h4 h5 17.Nf4 f5 18.a4 O-O 19.Rh3 Kh7 20.Rg3 Na6 21.Nxh5 Nc5 22.Nf4 Nxd3+
23.Nxd3 Qd5 24.Qxd5 cxd5 25.Nf4 Be6 26.h5 gxh5 27.Nxh5 Rac8 28.Nf6+  1-0

[Event "2nd Open"]
[Site "Rethymno GRE"]
[Date "2010.07.19"]
[Round "8"]
[White "Kekki,P"]
[Black "Orlov,And"]
[Result "1/2-1/2"]
[WhiteElo "2371"]
[BlackElo "2502"]

1.d4 Nf6 2.Bg5 g6 3.Bxf6 exf6 4.c4 d6 5.Nc3 f5 6.g3 Bg7 7.Bg2 O-O 8.e3 Nd7
9.Nge2 Nf6 10.O-O h5 11.b4 h4 12.b5 hxg3 13.hxg3 Re8 14.Qd3 Rb8 15.a4 Bd7
16.a5 c5 17.a6 b6 18.Rad1 Be6 19.Nf4 Qe7 20.dxc5 dxc5 21.Ncd5 Bxd5 22.Nxd5 Nxd5
23.Qxd5 Red8 24.Qf3  1/2-1/2

[Event "YGM"]
[Site "Biel SUI"]
[Date "2010.07.20"]
[Round "2"]
[White "Nguyen Ngoc Truong Son"]
[Black "Howell,D"]
[Result "1/2-1/2"]
[WhiteElo "2617"]
[BlackElo "2616"]

1.d4 Nf6 2.Bg5 d5 3.e3 g6 4.Nd2 Bg7 5.Bd3 c5 6.c3 b6 7.Ngf3 Bb7 8.Qa4+ Nbd7
9.Bxf6 Bxf6 10.e4 cxd4 11.cxd4 dxe4 12.Bxe4 Bxe4 13.Nxe4 O-O 14.O-O Bg7 15.Rfe1 Nf6
16.Nc3 e6 17.Ne5 Nd5 18.Nc6 Nxc3 19.bxc3 Qc7 20.Rac1 a6 21.c4 b5 22.cxb5 axb5
23.Qxb5 Rxa2 24.Nb4 Qa5 25.Qxa5 Rxa5 26.Nc6 Rb5 27.Rb1 Rxb1 28.Rxb1 Bf6 29.g3 Rc8
30.Rb6 Ra8 31.h4 Ra4 32.Rb8+ Kg7 33.Rb7 Rc4 34.Ne5 Bxe5 35.dxe5 h6  1/2-1/2

[Event "Sparkassen Open A"]
[Site "Dortmund GER"]
[Date "2010.07.21"]
[Round "5"]
[White "Boehm,Ju2"]
[Black "Kelm,M"]
[Result "1/2-1/2"]
[WhiteElo "2214"]
[BlackElo "1951"]

1.d4 Nf6 2.Bg5 d5 3.Bxf6 gxf6 4.c4 dxc4 5.e3 e6 6.Bxc4 Bb4+ 7.Nc3 c6 8.Ne2 Rg8
9.Qc2 f5 10.O-O-O Qh4 11.Nf4 Nd7 12.g3 Qe7 13.Kb1  1/2-1/2

[Event "I Open"]
[Site "Girona ESP"]
[Date "2010.07.21"]
[Round "9"]
[White "Pinsach Gelabert,A"]
[Black "Montpart Pons,J"]
[Result "1-0"]
[WhiteElo "1735"]
[BlackElo "1937"]

1.d4 Nf6 2.Bg5 g6 3.Bxf6 exf6 4.c4 d5 5.cxd5 Qxd5 6.Nc3 Qa5 7.e3 Bg7 8.g3 O-O
9.Bg2 c6 10.Ne2 Nd7 11.O-O Nb6 12.Nf4 Rd8 13.Qc2 Be6 14.Nxe6 fxe6 15.Rab1 Nd5
16.a3 Bf8 17.e4 Nxc3 18.bxc3 Rab8 19.a4 Qc7 20.Qa2 Qf7 21.Bh3 f5 22.f3 c5
23.Rfd1 Rd7 24.e5 Rbd8 25.Qc4 Rc7 26.Qb3 Kg7 27.f4 cxd4 28.cxd4 a5 29.Bg2 Bb4
30.Qf3 b6 31.d5 exd5 32.Rxd5 Rdc8 33.Rbd1 Rc1 34.Bf1 Rxd1 35.Qxd1 Rc7 36.Bb5 Qe7
37.Rd7 Rxd7 38.Qxd7 Qxd7 39.Bxd7 Kf7 40.Kg2 Ke7 41.Bb5 Bc5 42.h3 Ke6 43.Bc4+ Kd7
44.h4 Ke7 45.h5 gxh5 46.Kh3 Bf2 47.Be2 Ke6 48.Bxh5 b5 49.axb5 a4 50.Bd1 a3
51.Bb3+ Kd7 52.e6+ Ke7 53.g4 Kf6 54.gxf5 h5 55.Ba2  1-0

[Event "21st Czech Rapid Open"]
[Site "Pardubice CZE"]
[Date "2010.07.22"]
[Round "6"]
[White "Chernyshov,K"]
[Black "Golichenko,I"]
[Result "1-0"]
[WhiteElo "2578"]
[BlackElo "2419"]

1.d4 Nf6 2.Bg5 d5 3.e3 Bf5 4.Bxf6 exf6 5.Bd3 Bxd3 6.Qxd3 c6 7.Nd2 Bd6 8.Ngf3 O-O
9.O-O g6 10.c4 dxc4 11.Nxc4 f5 12.Qb3 b6 13.Rac1 Qe7 14.Nfe5 c5 15.Nxd6 Qxd6
16.Nc4 Qd5 17.dxc5 Qxc5 18.Rfd1 Qe7 19.Qa4 Qe6 20.Rd6 Qc8 21.Rc3 Qb7 22.Ne5 Na6
23.Nd7 Nc5 24.Nf6+ Kg7 25.Qd4 Ne6 26.Qe5 Kh6 27.e4 Rad8 28.Rh3+  1-0

[Event "21st Czech GM Open"]
[Site "Pardubice CZE"]
[Date "2010.07.23"]
[Round "1"]
[White "Gallien,F"]
[Black "Figura,A"]
[Result "1/2-1/2"]
[WhiteElo "2202"]
[BlackElo "2403"]

1.d4 Nf6 2.Bg5 d5 3.Bxf6 exf6 4.e3 Be6 5.Ne2 Bd6 6.Nf4 Qe7 7.Nxe6 fxe6 8.c4 Bb4+
9.Nc3 c6 10.Be2 O-O 11.O-O f5 12.a3 Bxc3 13.bxc3 Nd7 14.Qb3 Nf6 15.Ra2 Rab8
16.Rb2 Kh8 17.Rfb1 Ne4 18.f3 Nd6 19.c5 Nf7 20.f4 g5 21.Qa4 gxf4 22.exf4 Qc7
23.g3 b6 24.cxb6 Rxb6 25.Rxb6 axb6 26.Qb4 Rb8 27.c4 dxc4 28.Bxc4 Qd7 29.Qc3 Kg8
30.Qe3 Nd8 31.Rd1 Rc8 32.Qe5 Rc7 33.Kg2 Qf7 34.a4 Kf8 35.Rb1 b5 36.axb5 cxb5
37.Bxb5 Rc2+ 38.Be2 Nc6 39.Qh8+ Qg8 40.Qf6+ Qf7 41.Qh8+ Qg8 42.Qf6+ Qf7 43.Qh8+  1/2-1/2

[Event "21st Czech GM Open"]
[Site "Pardubice CZE"]
[Date "2010.07.24"]
[Round "2"]
[White "Krejci,Jan2"]
[Black "Jasny,S"]
[Result "1-0"]
[WhiteElo "2463"]
[BlackElo "2323"]

1.d4 Nf6 2.Bg5 d5 3.e3 c6 4.Bd3 Nbd7 5.Nf3 e6 6.O-O Be7 7.Nbd2 O-O 8.c4 c5
9.Rc1 cxd4 10.Nxd4 Nc5 11.Bb1 e5 12.N4b3 Nxb3 13.Qxb3 d4 14.exd4 exd4 15.Qd3 g6
16.Rfe1 Nd5 17.Bh6 Nb4 18.Qf3 Re8 19.a3 Nc6 20.b4 Be6 21.b5 Na5 22.c5 Rc8
23.Rxe6 fxe6 24.Ba2 Bg5 25.Qh3 Bxh6 26.Qxh6 Kh8 27.Ne4 Rc7 28.Rd1 e5 29.Rd3 Qe7
30.Rf3 Qg7 31.Qd2 b6 32.c6 Rf8 33.Rxf8+ Qxf8 34.Qg5 Qe7 35.Qg3 a6 36.a4 axb5
37.axb5 Ra7 38.h3 Rc7 39.Ng5 Ra7 40.Bd5 Qd6 41.Qf3 Qe7 42.Qg4 Qf8 43.Qe6 Re7
44.Qd6 Re8 45.Qc7 Qe7 46.Nf7+ Kg7 47.Nd6 d3 48.Nxe8+ Kf8 49.Qxe7+ Kxe7 50.c7 d2
51.Bf3  1-0

[Event "Tch-POR 1st Div Final"]
[Site "Vila Nova de Gaia POR"]
[Date "2010.07.26"]
[Round "3.1"]
[White "Novais,C"]
[Black "Pintor,Ar"]
[Result "0-1"]
[WhiteElo "2011"]
[BlackElo "2106"]

1.d4 Nf6 2.Bg5 g6 3.Bxf6 exf6 4.g3 Bg7 5.Bg2 O-O 6.e3 d6 7.c4 f5 8.Ne2 Nd7
9.O-O Re8 10.Nbc3 c6 11.b4 Nf6 12.Qd3 a6 13.Rfd1 Bd7 14.a4 a5 15.b5 Rb8 16.bxc6 bxc6
17.Rab1 Rb4 18.c5 dxc5 19.dxc5 Qe7 20.Na2 Rxb1 21.Qxb1 Qxc5 22.Qb7 Qc2 23.Nac3 Be6
24.Bxc6 Rf8 25.Rc1 Qd3 26.Bb5 Qd6 27.Nd4 Qa3 28.Nce2 Bd5 29.Bc6 Be4 30.Bxe4 Nxe4
31.Qd7 h5 32.Kg2 Qa2 33.Rc2 Qb1 34.Qb5 Qe1 35.Nf4 Rd8 36.Nd3 Qd1 37.Qb6 Rxd4
38.Rc8+ Kh7 39.exd4 Qxd3 40.Qxa5 Qe2 41.Rc1 Qxf2+ 42.Kh3 Ng5+  0-1

[Event "MTO"]
[Site "Biel SUI"]
[Date "2010.07.27"]
[Round "8"]
[White "Cebalo,M"]
[Black "Golod,V"]
[Result "1/2-1/2"]
[WhiteElo "2500"]
[BlackElo "2585"]

1.d4 Nf6 2.Bg5 c5 3.d5 Ne4 4.Bc1 e6 5.dxe6 fxe6 6.g3 b6 7.Bg2 Bb7 8.Nf3 Be7
9.O-O Qc8 10.Bf4 O-O 11.Nbd2 c4  1/2-1/2

[Event "XXXVI Open"]
[Site "Sitges ESP"]
[Date "2010.07.28"]
[Round "7"]
[White "Rojas Keim,L"]
[Black "Lasinskas,P"]
[Result "1-0"]
[WhiteElo "2437"]
[BlackElo "2180"]

1.d4 Nf6 2.Bg5 c5 3.d5 Qb6 4.Nc3 e5 5.Bxf6 gxf6 6.e4 d6 7.Bb5+ Nd7 8.a4 Qa5
9.Ne2 a6 10.Bd3 Nb6 11.Ng3 f5 12.exf5 Nxd5 13.O-O Nxc3 14.bxc3 Bd7 15.Be4 Bc6
16.Rb1 Qxa4 17.Re1 O-O-O 18.Bd5 Rd7 19.Re4 Qa5 20.Bxc6 bxc6 21.Ra1 Qb5 22.Rea4 Ra7
23.f6 Rg8 24.Nf5 Kd7 25.Rg4 Rg6 26.Rb1 Qa5 27.Rb8 Rxf6 28.Rxf8 Rxf5 29.Rgg8 Ke6
30.Rd8 d5 31.c4 d4 32.Qc1 Rf6 33.Rc8 Qb6 34.Qd1 Rg6 35.h3 Rc7 36.Rge8+ Re7
37.Qf3 Kd7 38.Rb8 Qc7 39.Rf8 Ke6 40.Rbc8 Qb7 41.Rxc6+ Kd7 42.Qd5+  1-0

[Event "ch-AUT w"]
[Site "Vienna AUT"]
[Date "2010.07.28"]
[Round "5"]
[White "Kopinits,A"]
[Black "Novkovic,J"]
[Result "1-0"]
[WhiteElo "2187"]
[BlackElo "2157"]

1.d4 Nf6 2.Bg5 d5 3.Nd2 Nbd7 4.e3 h6 5.Bh4 e6 6.c3 Be7 7.f4 c5 8.Bd3 Qb6
9.Rb1 Qc7 10.Ngf3 c4 11.Bc2 b5 12.O-O Bb7 13.Ne5 Rf8 14.Qe2 O-O-O 15.b3 b4
16.cxb4 c3 17.Ndf3 Bxb4 18.a3 Bxa3 19.Ra1 Bb2 20.Rxa7 Qb6 21.Ra2 Kc7 22.Nxd7 Kxd7
23.f5 Ra8 24.fxe6+ Ke7 25.Rxa8 Rxa8 26.exf7 Ba6 27.Bd3 Bxd3 28.Qxd3 Ra1 29.Bxf6+ gxf6
30.Ne1 Qe6 31.Nc2 Rxf1+ 32.Kxf1 Qxf7 33.Qf5 Qg7 34.g3 Qg5 35.Qxg5 fxg5 36.g4 Kd6
37.Ke2 Kc6 38.Kd3 Kb5 39.h3 Ka5 40.e4 dxe4+ 41.Kxe4 Kb6 42.Kd3 Kc6 43.Ne3 Kd7
44.Kc2 Ke6 45.Nd1 Ba3 46.Nxc3 Bd6 47.Kd3 Bh2 48.Ke4 Kf6 49.Nd5+ Kg6 50.Ne7+ Kf6
51.Nf5 Kg6 52.Kd5 h5 53.Ke6 hxg4 54.hxg4 Kh7 55.Kf7  1-0

[Event "21st Czech GM Open"]
[Site "Pardubice CZE"]
[Date "2010.07.29"]
[Round "7"]
[White "Grinev,V"]
[Black "Golichenko,I"]
[Result "0-1"]
[WhiteElo "2336"]
[BlackElo "2419"]

1.d4 Nf6 2.Bg5 d5 3.Bxf6 exf6 4.e3 Bd6 5.Bd3 O-O 6.Nd2 c6 7.Qf3 Be6 8.Ne2 Nd7
9.g4 c5 10.c3 cxd4 11.exd4 Re8 12.h4 b5 13.a3 Rb8 14.b4 Qc8 15.Rg1 Nf8 16.Kf1 Rb7
17.Rc1 a6 18.Nf4 Bxf4 19.Qxf4 Rbe7 20.h5 Bd7 21.Qg3 Ne6 22.Nb3 g5 23.hxg6 fxg6
24.Nc5 Nxc5 25.bxc5 f5 26.Qd6 fxg4 27.Qxd5+ Be6 28.Qh1 Qd7 29.Qh4 Rf7 30.Re1 Ref8
31.Rg2 g3 32.Rxg3 Rxf2+ 33.Kg1 Qf7 34.Qh6 Rf3 35.Qg5 Rxd3  0-1

[Event "Open ch-BUL w"]
[Site "Vratsa BUL"]
[Date "2010.07.29"]
[Round "6"]
[White "Bocheva,M"]
[Black "Tsekova,V"]
[Result "1/2-1/2"]
[WhiteElo "1847"]
[BlackElo "1834"]

1.d4 Nf6 2.Bg5 d5 3.Nf3 e6 4.Nbd2 Be7 5.e3 Nbd7 6.Be2 c5 7.c3 b6 8.O-O h6
9.Bh4 O-O 10.Re1 Bb7 11.Bg3 Ne4 12.Nxe4 dxe4 13.Nd2 Nf6 14.dxc5 Bxc5 15.Nb3 Rc8
16.Qxd8 Rfxd8 17.Rad1 Be7 18.Rxd8+ Rxd8 19.Rd1 Kf8 20.Rxd8+ Bxd8 21.Bd6+ Be7
22.Bb8 a6 23.Bc7 Nd5 24.Bg3 Ke8 25.a3 Kd7 26.c4 Nc7 27.Nd4 Bd6 28.Kf1 Bxg3
29.hxg3 g6 30.Bd1 e5 31.Ne2 Kd6 32.b4 a5 33.Nc3 axb4 34.axb4 f5 35.Na4 b5
36.cxb5 Nxb5 37.Nc5 Bd5 38.Ba4 Nc3 39.Be8 g5 40.Bg6 f4 41.gxf4 exf4 42.exf4 gxf4
43.Ke1 Ke5 44.Nd7+ Kd4 45.Nf6 Be6 46.b5 Nxb5  1/2-1/2

[Event "97th ch-GBR"]
[Site "Canterbury ENG"]
[Date "2010.07.30"]
[Round "5"]
[White "Pert,R"]
[Black "Jaunooby,A"]
[Result "1-0"]
[WhiteElo "2460"]
[BlackElo "2155"]

1.d4 Nf6 2.Bg5 c5 3.Nc3 cxd4 4.Qxd4 Qa5 5.Qh4 Nd5 6.Bd2 Nb4 7.Rc1 Nxa2 8.Qc4 Nxc1
9.Qxc8+ Qd8 10.Qxd8+ Kxd8 11.Bxc1 Nc6 12.e4 Nb4 13.Bd3 g6 14.Nf3 Bg7 15.Bd2 Rc8
16.Ke2 a6 17.Nd5 Nxd5 18.exd5 d6 19.c4 Kd7 20.Ng5 Ke8 21.b4 h6 22.Nf3 Kd7
23.Rb1 Ra8 24.h4 Rhc8 25.Be3 e6 26.dxe6+ Kxe6 27.Nd2 f5 28.g4 h5 29.gxf5+ gxf5
30.Nf3 Bf6 31.Ng5+ Ke7 32.Kf3 Be5 33.Nh3 Rg8 34.Bg5+ Kd7 35.Nf4 Raf8 36.Nd5 Ke6
37.Re1 Kd7 38.Re2 Rg6 39.Nf4 Rgg8 40.Nxh5 Bc3 41.Nf4 Rf7 42.Nd5 Bd4 43.Bc2 Rh8
44.Ne7 Be5 45.Ng6 Rc8 46.Rxe5 dxe5 47.Nxe5+ Ke6 48.Nxf7 Kxf7 49.c5 a5 50.Bxf5 Ra8
51.bxa5 Rxa5 52.Be4 Rxc5 53.Bxb7 Ra5 54.Be4 Ra1 55.h5 Rg1 56.Be3  1-0

[Event "Politiken Cup"]
[Site "Copenhagen DEN"]
[Date "2010.07.31"]
[Round "1"]
[White "Frisvold,O"]
[Black "Bach,Mat"]
[Result "0-1"]
[WhiteElo "1871"]
[BlackElo "2303"]

1.d4 Nf6 2.Bg5 c5 3.d5 g6 4.Bxf6 exf6 5.c4 f5 6.Nc3 Bg7 7.Qc2 O-O 8.g3 a6
9.e3 Qa5 10.Ne2 b5 11.Nc1 d6 12.Nb3 Qb6 13.cxb5 Nd7 14.bxa6 Ne5 15.Nd2 Bxa6
16.Rb1 Rfe8 17.a3 Ng4 18.Nc4 Qd8 19.Nd1 f4 20.gxf4 Qh4 21.Qd2 Nxh2 22.Rxh2 Qxh2
23.Qe2 Qxf4 24.exf4 Bxc4 25.Qxe8+ Rxe8+ 26.Ne3 Bxd5 27.Kd2 Ba2 28.Rc1 Rb8
29.Nd1 Bh6 30.Ke3 Re8+ 31.Kf3 Bd5+ 32.Kg3 Re1 33.Bh3 Bb3 34.Bg4 Rg1+ 35.Kh3 Bxf4
36.Rb1 Bc2 37.Ra1 Be4 38.f3 Rg3+ 39.Kh4 g5+ 40.Kh5 Bg6+ 41.Kh6 Rh3+  0-1

[Event "Brunei Inv IM2"]
[Site "Bandar Seri Begawan BRU"]
[Date "2010.08.01"]
[Round "3"]
[White "Duong The Anh"]
[Black "Ramnath,B"]
[Result "1/2-1/2"]
[WhiteElo "2415"]
[BlackElo "2387"]

1.d4 Nf6 2.Bg5 g6 3.Bxf6 exf6 4.e3 d5 5.g3 Bd6 6.Bg2 c6 7.Ne2 O-O 8.O-O Nd7
9.b3 Nb6 10.Nd2 Be6 11.Nf4 Qe7 12.Nxe6 Qxe6 13.Qe2 f5 14.Qd3 Rfd8 15.Rad1 h5
16.h4 Rac8 17.Rfe1 Bf8 18.Nf3 Bd6 19.Ng5 Qe7 20.c4 Bb4 21.Re2 c5  1/2-1/2

[Event "Tch-POR 1st Div Final"]
[Site "Vila Nova de Gaia POR"]
[Date "2010.08.01"]
[Round "9.7"]
[White "Rosario,J"]
[Black "Parreira,A"]
[Result "1/2-1/2"]
[WhiteElo "1970"]
[BlackElo "1748"]

1.d4 Nf6 2.Bg5 d5 3.Bxf6 exf6 4.e3 Bd6 5.c4 c6 6.cxd5 cxd5 7.Nc3 Be6 8.g3 Qb6
9.Qd2 O-O 10.Bg2 Bb4 11.Nge2 Nc6 12.O-O Na5 13.Qd3 Rfd8 14.b3 Rac8 15.Rfc1 Ba3
16.Rc2 Qc7 17.Rd2 a6 18.Nb1 Bb4 19.Rb2 Bg4 20.Nbc3 Be6 21.Nb1 Bg4 22.Nbc3 Be6
23.Nb1  1/2-1/2

[Event "97th ch-GBR"]
[Site "Canterbury ENG"]
[Date "2010.08.02"]
[Round "7"]
[White "Pert,R"]
[Black "Ynojosa,F"]
[Result "1/2-1/2"]
[WhiteElo "2460"]
[BlackElo "2224"]

1.d4 Nf6 2.Bg5 d5 3.e3 Nbd7 4.Nf3 h6 5.Bxf6 Nxf6 6.c4 e6 7.Nc3 Be7 8.cxd5 exd5
9.Bd3 O-O 10.Ne5 Bd6 11.f4 c5 12.Qf3 Qb6 13.O-O-O cxd4 14.exd4 Bb4 15.Bc2 Bxc3
16.Qxc3 Ne4 17.Bxe4 dxe4 18.Kb1 e3 19.Qxe3 f6 20.Nc4 Bf5+ 21.Ka1 Qc6 22.Rc1 Be6
23.Nd2 Qd5 24.Qb3 Rfd8 25.Rhe1 Qxb3 26.Nxb3 Bxb3 27.axb3 Rd7 28.g3 Rad8 29.Re4 Kh7
30.Rd1 Kg6 31.g4 f5 32.gxf5+ Kxf5 33.Re5+ Kf6 34.d5 Rd6 35.h4 R8d7 36.h5 Re7
37.Rde1 Red7 38.Rd1 Re7 39.Rde1 Red7 40.Rd1 Re7  1/2-1/2

[Event "Politiken Cup"]
[Site "Copenhagen DEN"]
[Date "2010.08.02"]
[Round "4"]
[White "Greeuw,S"]
[Black "Thingstad,E"]
[Result "0-1"]
[WhiteElo "1970"]
[BlackElo "2142"]

1.d4 d5 2.Bg5 Nf6 3.Bxf6 exf6 4.e3 Be6 5.g3 c6 6.Bg2 Bd6 7.Ne2 Nd7 8.Nd2 f5
9.b3 Nf6 10.O-O h5 11.c4 h4 12.cxd5 Bxd5 13.Qc2 Bxg2 14.Kxg2 Bb4 15.Nc4 Qd5+
16.f3 hxg3 17.hxg3 Ng4 18.Rh1 Rxh1 19.Rxh1 Qxc4 20.Rh8+ Bf8 21.Qd2 Qc2  0-1